000 00622nam a2200193Ia 4500
003 IN-BaIIA
008 211028s9999 xx 000 0 eng d
020 _a0-306-67401-7
040 _cIIA Library
080 _a539.184
_bBRI
100 _aBrice, David K
_911479
245 0 _aIon implantation range and energy deposition distribution
_bvol. 1, high incident ion energies
_cDavid K Brice
260 _aNew York
_bPlenum Press
_c1975
300 _axii, 590p.
650 _aIon implanation
_911480
650 _aNASA thesaurus
650 _aNuclear physics
_91527
942 _cBK
999 _c6703
_d6703